Liaisons of life from hornworts to hippos,: how the unassuming microbe has driven evolution

Saved in:
Bibliographic Details
Main Author: WAKEFORD, Tom
Format: Book
Language:English
Published: John Wiley 2001
Tags: Add Tag
No Tags, Be the first to tag this record!

MARC

LEADER 00000nam a22000007a 4500
008 201215b ||||| |||| 00| 0 eng d
020 |a ISBN: 0-471-39972-8 
100 |a WAKEFORD, Tom 
245 |a Liaisons of life  |b from hornworts to hippos,: how the unassuming microbe has driven evolution  |c Tom Wakeford.  |g  vii, 212p. 
260 |b John Wiley  |c 2001  |h New York  |i 688386   |l QH548 .W13  |m Symbiosis.  |m Evolution (Biology).  |m  Symbiogenesis 
942 |a lcc  |c BK  |e Olagoke,M A  |f 15/12/2020 
952 |0 0  |1 0  |2 lcc  |4 0  |6 QH0548 W13  |7 0  |9 541  |a HOL  |b HOL  |c QZ  |d 2020-12-15  |l 0  |o QH548 .W13  |p 2020-2263  |r 2020-12-15 00:00:00  |w 2020-12-15  |y BK 
999 |c 293  |d 293